| 000 | 00925nac a22002771u 4500 | ||
|---|---|---|---|
| 010 | _a 70501029 | ||
| 020 | _a0272760188 | ||
| 022 | _a272760188 | ||
| 022 | _a272760056 | ||
| 082 | 0 | 0 |
_a616.15 _bT3711 |
| 090 |
_c3565 _d3565 |
||
| 100 | _aThompson, Ronald Bolto | ||
| 245 | 1 | 2 |
_aA short textbook of haematology, _cby R. B. Thompson. |
| 250 | _a3rd ed. | ||
| 260 |
_aLondon, _bPitman Medical, _c1969. |
||
| 300 |
_a384 p., 3 plates. _billus. (incl. 1 col.) _c23 cm. |
||
| 500 | _aFirst published in 1961 under title: Haematology. | ||
| 500 | _aDonations. | ||
| 500 | _aDonations - Bibliotheca Alexandrina. | ||
| 504 | _aIncludes bibliographies. | ||
| 650 | 0 | _aHematology. | |
| 650 | 0 |
_aBlood _xDiseases. |
|
| 650 | 0 | _aHematologic diseases. | |
| 942 |
_cBB _k616.15T3711 |
||
| 999 |
_c3565 _d3565 |
||